| 000 | 00826cam a2200301 i 4500 | ||
|---|---|---|---|
| 001 | 83236 | ||
| 003 | GBCCL | ||
| 005 | 20241126110429.0 | ||
| 008 | 801222s1975 pauc b 00000 eng d | ||
| 010 | _a 75022590 | ||
| 020 | _a0836117808 | ||
| 035 | _a(OCoLC)ocn687813510 | ||
| 035 | _a(CStRLIN)CTYG2301710-B | ||
| 035 | _a83236 | ||
| 040 |
_aDHU _cDHU _dCtY |
||
| 082 |
_a248.85 _bASQ |
||
| 090 |
_aHQ1061 _b.A66 |
||
| 100 | 1 |
_aAsquith, Glenn H. _95034 |
|
| 245 | 1 | 0 |
_aLiving creatively as an older adult / _cby Glenn H. Asquith. |
| 260 | 0 |
_aScottdale, : _bHerald Press, _c1975. |
|
| 300 |
_a178 p. : _bport. ; _c18 cm. |
||
| 490 | 0 | _aA Herald press original. | |
| 504 | _aIncludes bibliographical references. | ||
| 650 | 0 |
_aOld age. _95035 |
|
| 650 | 0 |
_aOlder people. _95036 |
|
| 942 |
_2ddc _cBK |
||
| 948 | _aOCLC | ||
| 999 |
_c2433 _d2433 |
||